The relation between two different types of clasps and their liability for permanent deformation / (رقم التسجيلة. 180423)
[ عرض عادي ]
| 000 -LEADER | |
|---|---|
| fixed length control field | 01392namaa22003251i 4500 |
| 005 - أخر تعامل مع التسجيلة | |
| control field | 20260608131214.0 |
| 008 - FIXED-LENGTH DATA ELEMENTS--GENERAL INFORMATION | |
| fixed length control field | 260608s1994 ua a|||frm||| 000 0 eng d |
| 040 ## - CATALOGING SOURCE | |
| Original cataloguing agency | EG-GICUC |
| Language of cataloging | eng |
| Transcribing agency | EG-GICUC |
| Modifying agency | EG-GICUC |
| Description conventions | rda |
| 041 0# - LANGUAGE CODE | |
| Language code of text/sound track or separate title | eng |
| Language code of summary or abstract | eng |
| -- | ara |
| 049 ## - Acquisition Source | |
| Acquisition Source | Deposit |
| 097 ## - Degree | |
| Degree | M.Sc |
| 099 ## - LOCAL FREE-TEXT CALL NUMBER (OCLC) | |
| Local Call Number | Cai01.09.09.M.Sc.1994.Mo. |
| 100 0# - MAIN ENTRY--PERSONAL NAME | |
| Authority record control number or standard number | Mohamed abd El - Ghanei Ibrahim, |
| Preparation | preparation. |
| 245 10 - TITLE STATEMENT | |
| Title | The relation between two different types of clasps and their liability for permanent deformation / |
| Statement of responsibility, etc. | By Mohamed abd El - Ghanei Ibrahim ; Supervisors Dr. Farouk Abdalla, Dr. Tarek El Waked, Dr. Mona Ahmed |
| 246 15 - VARYING FORM OF TITLE | |
| Title proper/short title | العلاقة بين نوعين مختلفين من المشابك وقابليتهما للتشوة الدائم |
| 264 #0 - PRODUCTION, PUBLICATION, DISTRIBUTION, MANUFACTURE, AND COPYRIGHT NOTICE | |
| Date of production, publication, distribution, manufacture, or copyright notice | 1994. |
| 300 ## - PHYSICAL DESCRIPTION | |
| Extent | 76 Leaves |
| Other physical details | illustrations |
| Dimensions | 30 cm. + |
| 336 ## - CONTENT TYPE | |
| Source | rda content |
| Content type term | text |
| 337 ## - MEDIA TYPE | |
| Source | rdamedia |
| Media type term | Unmediated |
| 338 ## - CARRIER TYPE | |
| Source | rdacarrier |
| Carrier type term | volume |
| 502 ## - DISSERTATION NOTE | |
| Dissertation note | Thesis (M.Sc.)-Cairo University, 1994 |
| 504 ## - BIBLIOGRAPHY, ETC. NOTE | |
| Bibliography, etc. note | Bibliography: pages 70-76 |
| 653 #0 - INDEX TERM--UNCONTROLLED | |
| Uncontrolled term | different types of clasps |
| 700 0# - ADDED ENTRY--PERSONAL NAME | |
| Personal name | Farouk Abdalla |
| Relator term | thesis advisor. |
| 700 0# - ADDED ENTRY--PERSONAL NAME | |
| Personal name | Tarek El Waked |
| Relator term | thesis advisor. |
| 700 0# - ADDED ENTRY--PERSONAL NAME | |
| Personal name | Mona Ahmed |
| Relator term | thesis advisor. |
| 900 ## - Thesis Information | |
| Department | Department of Prosthetic Dentistry |
| Faculties | Faculty of Oral and Dental Medicine |
| Universities | Cairo University |
| Grant date | 1994 |
| Supervisory body | Farouk Abdalla |
| -- | Tarek El Waked |
| -- | Mona Ahmed |
| 905 ## - Cataloger and Reviser Names | |
| Cataloger Name | Nehad |
| 942 ## - ADDED ENTRY ELEMENTS (KOHA) | |
| Source of classification or shelving scheme | Dewey Decimal Classification |
| Koha item type | Thesis |
| Edition | 21 |
| Suppress in OPAC | No |
| Source of classification or shelving scheme | Home library | Current library | Date acquired | Inventory number | Full call number | Barcode | Date last seen | Effective from | Koha item type |
|---|---|---|---|---|---|---|---|---|---|
| Dewey Decimal Classification | المكتبة المركزبة الجديدة - جامعة القاهرة | مكتبة المئوية | 08.06.2026 | 25864 | Cai01.09.09.M.Sc.1994.Mo. | 01010110025864000 | 08.06.2026 | 08.06.2026 | Thesis |